Countries beginning with G. - Statistics

General Stats
  • This quiz has been taken 35 times
  • The average score is 10 of 11
Answer Stats
Hint Answer % Correct
Africa Guinea
100%
North America Guatemala
97%
Africa Gabon
94%
Africa Gambia
94%
Europe Germany
94%
Africa Ghana
94%
Europe Greece
94%
North America Grenada
94%
Africa Guinea-Bissau
91%
South America Guyana
91%
Asia Georgia
79%
No matching quizzes found
Score Distribution
Percent of People with Each Score
Percentile by Number Answered
Your Score History
You have not taken this quiz